The noble scholar, jurist, historian


 His Excellency Dr. Abdul Wahhab bin Ibrahim Abu Sulaiman, may Allah have mercy on him.


 He was born in Umm Al-Qura in the year 1356 AH.

طالع السعد الرفيع في شرح نور البديع على نظم البديع المتضمن لمدح الحبيب الشفيع صلى الله عليه وسلم / (Record no. 14545)

MARC details
000 -LEADER
fixed length control field 01696cam a2200289 i 4500
003 - CONTROL NUMBER IDENTIFIER
control field SA-RiAUC
005 - DATE AND TIME OF LATEST TRANSACTION
control field 20260313113906.0
008 - FIXED-LENGTH DATA ELEMENTS--GENERAL INFORMATION
fixed length control field 260312s1903 ua g 000r0 ara c
040 ## - CATALOGING SOURCE
Original cataloging agency SA-RiAUC
Language of cataloging ara
Transcribing agency SA-RiAUC
Description conventions rda
082 04 - DEWEY DECIMAL CLASSIFICATION NUMBER
Classification number 811.062
Assigning agency SA-RiAUC
090 ## - LOCALLY ASSIGNED LC-TYPE CALL NUMBER (OCLC); LOCAL CALL NUMBER (RLIN)
Classification number (OCLC) (R) ; Classification number, CALL (RLIN) (NR) م ن 811.062
Local cutter number (OCLC) ; Book number/undivided call number, CALL (RLIN) ع ب د ح
100 1# - MAIN ENTRY--PERSONAL NAME
Personal name عبد الحميد قدس، عبد الحميد بن محمد علي قدس بن عبد القادر،
Dates associated with a name 1280-1335 هجري
Relator term مؤلف.
245 10 - TITLE STATEMENT
Title طالع السعد الرفيع في شرح نور البديع على نظم البديع المتضمن لمدح الحبيب الشفيع صلى الله عليه وسلم /
Statement of responsibility, etc. عبد الحميد قدس بن محمد علي بن الخطيب.
246 30 - VARYING FORM OF TITLE
Title proper/short title شرح نور البديع على نظم البديع المتضمن لمدح الحبيب الشفيع صلى الله عليه وسلم
264 #1 - PRODUCTION, PUBLICATION, DISTRIBUTION, MANUFACTURE, AND COPYRIGHT NOTICE
Place of production, publication, distribution, manufacture القاهرة :
Name of producer, publisher, distributor, manufacturer [الناشر غير محدد]،
Date of production, publication, distribution, manufacture, or copyright notice [1903]
264 #3 - PRODUCTION, PUBLICATION, DISTRIBUTION, MANUFACTURE, AND COPYRIGHT NOTICE
Place of production, publication, distribution, manufacture [مكان الطبع غير محدد] :
Name of producer, publisher, distributor, manufacturer المطبعة الميمنية.
300 ## - PHYSICAL DESCRIPTION
Extent 224 صفحة ؛
Dimensions 29 سم
336 ## - CONTENT TYPE
Content type term نص
Content type code txt
Source rdacontent
Materials specified كتاب
337 ## - MEDIA TYPE
Media type term بدون وسيط
Media type code n
Source rdamedia
338 ## - CARRIER TYPE
Carrier type term مجلد
Carrier type code nc
Source rdacarrier
650 #7 - SUBJECT ADDED ENTRY--TOPICAL TERM
Topical term or geographic name entry element الشعر العربي الديني
General subdivision تاريخ ونقد
Source of heading or term aucsh
650 #7 - SUBJECT ADDED ENTRY--TOPICAL TERM
Topical term or geographic name entry element الشعر الديني
General subdivision تاريخ ونقد
Source of heading or term aucsh
740 0# - ADDED ENTRY--UNCONTROLLED RELATED/ANALYTICAL TITLE
Uncontrolled related/analytical title نور البديع على نظم البديع المتضمن لمدح الحبيب الشفيع صلى الله عليه وسلم.
740 0# - ADDED ENTRY--UNCONTROLLED RELATED/ANALYTICAL TITLE
Uncontrolled related/analytical title نظم البديع المتضمن لمدح الحبيب الشفيع صلى الله عليه وسلم.
942 ## - ADDED ENTRY ELEMENTS (KOHA)
Source of classification or shelving scheme Dewey Decimal Classification
Koha item type كتاب مصور نادر
Suppress in OPAC No
949 ## - LOCAL PROCESSING INFORMATION (OCLC)
a SA-JeALM
d 260312
u mohamedma123
n 1
Holdings
Withdrawn status Lost status Source of classification or shelving scheme Damaged status Not for loan Home library Current library Date acquired Total checkouts Full call number Barcode Date last seen Price effective from Koha item type
    Dewey Decimal Classification     DR AbdElwahab Library DR AbdElwahab Library 03/13/2026   م ن 811.062 ع ب د ح 000023031 03/13/2026 03/13/2026 كتاب مصور نادر
    Dewey Decimal Classification     DR AbdElwahab Library DR AbdElwahab Library 03/13/2026   م ن 811.062 ع ب د ح 000023066 03/13/2026 03/13/2026 كتاب مصور نادر
    Dewey Decimal Classification     DR AbdElwahab Library DR AbdElwahab Library 04/19/2026   م ن 811.062 ع ب د ح 000023432 04/19/2026 04/19/2026 كتاب مصور نادر